Способ измерения размаха собственных шумов медицинских электродов для съема поверхностных биопотенциалов

Détails bibliographiques
Collectivités auteurs: Национальный исследовательский Томский политехнический университет (ТПУ) Институт неразрушающего контроля (ИНК) Кафедра информационно-измерительной техники (ИИТ), Национальный исследовательский Томский политехнический университет (ТПУ) Институт неразрушающего контроля (ИНК) Лаборатория № 63 (Медицинского приборостроения)
Autres auteurs: Авдеева Д. К. Диана Константиновна, Вылегжанин О. Н. Олег Николаевич, Грехов И. С., Клубович И. А. Инна Алексеевна, Рыбалка С. А. Сергей Анатольевич, Садовников Ю. Г. Юрий Георгиевич, Якимов Е. В. Евгений Валерьевич
Résumé:опубл. 27.09.09
Изобретение относится к области измерительной техники и может быть использовано для измерения собственных шумов медицинских электродов для съема поверхностных биопотенциалов в присутствии шума измерительной системы, значительно превышающего измеряемый.
Langue:russe
Publié:
Sujets:
Accès en ligne:http://www1.fips.ru/Archive/PAT/2009FULL/2009.09.27/DOC/RUNWC1/000/000/002/368/911/document.pdf
Format: Électronique Livre
KOHA link:https://koha.lib.tpu.ru/cgi-bin/koha/opac-detail.pl?biblionumber=642276

MARC

LEADER 00000nlm0a2200000 4500
001 642276
005 20240131163616.0
029 1 0 |a RU  |b 2368911  |c Пат.  |d МПК G 01 R 29/26 
035 |a (RuTPU)RU\TPU\network\7215 
035 |a RU\TPU\network\7197 
039 0 |a RU  |b 2008114573/28  |c 20080414 
090 |a 642276 
100 |a 20150618j20090927k y0rusy50 ca 
101 0 |a rus 
102 |a RU 
105 |a a k 000zy 
135 |a drgn ---uucaa 
181 0 |a i  
182 0 |a b 
200 1 |a Способ измерения размаха собственных шумов медицинских электродов для съема поверхностных биопотенциалов  |f Д. К. Авдеева [и др.]  |g Национальный исследовательский Томский политехнический университет (ТПУ) 
203 |a Текст  |c электронный 
300 |a опубл. 27.09.09 
330 |a Изобретение относится к области измерительной техники и может быть использовано для измерения собственных шумов медицинских электродов для съема поверхностных биопотенциалов в присутствии шума измерительной системы, значительно превышающего измеряемый. 
610 1 |a патенты 
610 1 |a труды учёных ТПУ 
610 1 |a электронный ресурс 
610 1 |a изобретения 
610 1 |a шумы 
610 1 |a медицинские электроды 
610 1 |a электроды 
610 1 |a биопотенциалы 
610 1 |a измерительная техника 
701 1 |a Авдеева  |b Д. К.  |c специалист в области неразрушающего контроля  |c профессор Томского политехнического университета, заведующий лабораторией медицинского приборостроения, доктор технических наук  |f 1943-  |g Диана Константиновна  |3 (RuTPU)RU\TPU\pers\27096 
701 1 |a Вылегжанин  |b О. Н.  |c специалист в области информатики и вычислительной техники  |c доцент Томского политехнического университета, кандидат химических наук  |f 1943-  |g Олег Николаевич  |3 (RuTPU)RU\TPU\pers\25385 
701 1 |a Грехов  |b И. С. 
701 1 |a Клубович  |b И. А.  |c специалист в области неразрушающего контроля  |c доцент Томского политехнического университета, кандидат технических наук  |f 1984-  |g Инна Алексеевна  |3 (RuTPU)RU\TPU\pers\34848 
701 1 |a Рыбалка  |b С. А.  |c специалист в области информатики и вычислительной техники  |c доцент Томского политехнического университета, кандидат технических наук  |f 1961-  |g Сергей Анатольевич  |3 (RuTPU)RU\TPU\pers\26755  |9 12398 
701 1 |a Садовников  |b Ю. Г.  |c специалист в области неразрушающего контроля  |c инженер-исследователь Томского политехнического университета  |f 1958-  |g Юрий Георгиевич  |3 (RuTPU)RU\TPU\pers\34852 
701 1 |a Якимов  |b Е. В.  |c специалист в области контрольно-измерительной техники  |c доцент Томского политехнического университета, кандидат технических наук  |f 1975-  |g Евгений Валерьевич  |3 (RuTPU)RU\TPU\pers\28181  |9 13139 
712 0 2 |a Национальный исследовательский Томский политехнический университет (ТПУ)  |b Институт неразрушающего контроля (ИНК)  |b Кафедра информационно-измерительной техники (ИИТ)  |3 (RuTPU)RU\TPU\col\18718 
712 0 2 |a Национальный исследовательский Томский политехнический университет (ТПУ)  |b Институт неразрушающего контроля (ИНК)  |b Лаборатория № 63 (Медицинского приборостроения)  |3 (RuTPU)RU\TPU\col\19731 
801 1 |a RU  |b 63413507  |c 20120201 
801 2 |a RU  |b 63413507  |c 20150618  |g RCR 
856 4 |u http://www1.fips.ru/Archive/PAT/2009FULL/2009.09.27/DOC/RUNWC1/000/000/002/368/911/document.pdf 
942 |c CF